• 首页
  • 本馆介绍
  • 公告通知
  • 最新文献
  • 馆藏检索
  • 电子资源
  • 读者导购
  • 参考咨询
  • 我的图书馆
  • 登录
  • 详细信息显示
  • 放入我的书架
  • 预约/预借图书
  • 作者相关作品
  • 分类相关作品
  • 丛书相关作品
  • 出版社相关作品

书目信息

  • 表格格式
  • 工作单格式
  • 卡片格式
题名:
少年音乐和美术故事
    
 
作者: 丰子恺, 著
分册:  
出版信息: 武汉   长江少年儿童出版社  2017.07
页数: 11, 243页
开本: 21cm
丛书名: 百年百部中国儿童文学经典书系
单 册:
中图分类:
科图分类:
主题词: 儿童故事--作品集--中国--现代 , 儿童文学--中国 , 儿童文学--中国--丛书
电子资源:
ISBN: 978-7-5560-6158-7
000 01141nam 2200301 450
001 2355334008
005 20120618173217.08
010    @a978-7-5560-6158-7@dCNY20.00
100    @a20171024d2017 cemy0chiy50 ea
101 0  @achi
102    @aCN@b420000
105    @aacg z 000fy
200 1  @a少年音乐和美术故事@d= Children's stories about music and art@f丰子恺 [著]@zeng
210    @a武汉@c长江少年儿童出版社@d2017.07
215    @a11, 243页@c图, 肖像@d21cm
225 2  @a百年百部中国儿童文学经典书系
314    @a丰子恺, 1898-1975, 生于浙江省石门镇, 父亲为清朝末科举人。
330    @a本书共分为少年音乐故事 ; 少年美术故事两辑, 其主要内容包括: “独揽梅花扫腊雪”、“晚餐的转调”、“松柏凌霜竹耐寒”、“理法与情趣”、“铁马与风筝”、“律中夹钟”、“翡翠笛”等。
410  0 @12001 @a百年百部中国儿童文学经典书系
510 1  @aChildren's stories about music and art@zeng
606 0  @a儿童故事@x作品集@y中国@z现代
606 0  @a儿童文学@x中国
606 0  @a儿童文学@x中国@x丛书
690    @v5
690    @aI286.5@v4
701  0 @a丰子恺,@f1898-1975@4著
801  0 @aCN@b安徽时代出版发行有限公司@c20171024
905    @dI286.5@e73
    
    少年音乐和美术故事= Children's stories about music and art/丰子恺 [著].-武汉:长江少年儿童出版社,2017.07
    11, 243页:图, 肖像;21cm.-(百年百部中国儿童文学经典书系)
    
    
    ISBN 978-7-5560-6158-7:CNY20.00
    本书共分为少年音乐故事 ; 少年美术故事两辑, 其主要内容包括: “独揽梅花扫腊雪”、“晚餐的转调”、“松柏凌霜竹耐寒”、“理法与情趣”、“铁马与风筝”、“律中夹钟”、“翡翠笛”等。
●
相关链接 在E读中查询图书 在五车中查询图书 在当当中查询图书 在豆瓣中查询图书


正题名:少年音乐和美术故事     索取号:I286.5/73         预约/预借

序号 登录号 条形码 馆藏地/架位号 状态 备注
1 1412242   214122420   第一样本阅览室/ [索取号:I286.5/73] 在馆    
2 1412243   214122439   教育系资料室/ [索取号:I286.5/73] 在馆    
3 1412244   214122448   教育系资料室/ [索取号:I286.5/73] 在馆    
4 1412245   214122457   第二借阅区/ [索取号:I286.5/73] 在馆    
5 1412246   214122466   第二借阅区/ [索取号:I286.5/73] 在馆    
唐山师范学院图书馆 欢迎您!
大连网信软件有限公司© 版权所有